Army Biometric Applications (Record no. 351748)
[ view plain ]
| 000 -LEADER | |
|---|---|
| fixed length control field | 00676nam a2200133Ia 4500 |
| 008 - FIXED-LENGTH DATA ELEMENTS--GENERAL INFORMATION | |
| fixed length control field | 171212s9999 xx 000 0 und d |
| 020 ## - INTERNATIONAL STANDARD BOOK NUMBER | |
| International Standard Book Number | 9780833029850 |
| 100 ## - MAIN ENTRY--PERSONAL NAME | |
| Personal name | Woodward, John D.;Webb, Katharine Watkins;Newton, Elaine M.;Bradley, Melissa A.;Rubenson, David |
| 245 ## - TITLE STATEMENT | |
| Statement of responsibility, etc | Woodward, John D.;Webb, Katharine Watkins;Newton, Elaine M.;Bradley, Melissa A.;Rubenson, David |
| Title | Army Biometric Applications |
| Remainder of title | Identifying and Addressing Sociocultural Concerns |
| 260 ## - PUBLICATION, DISTRIBUTION, ETC. (IMPRINT) | |
| Name of publisher, distributor, etc | RAND Corporation |
| Date of publication, distribution, etc | 2001 |
| 650 ## - SUBJECT ADDED ENTRY--TOPICAL TERM | |
| Topical term or geographic name as entry element | Management & Organizational Behavior |
| 650 ## - SUBJECT ADDED ENTRY--TOPICAL TERM | |
| Topical term or geographic name as entry element | United States. Army -- Personnel management; Biometry -- United States |
| 856 ## - ELECTRONIC LOCATION AND ACCESS | |
| Uniform Resource Identifier | <a href="www.jstor.org/stable/10.7249/mr1237a">www.jstor.org/stable/10.7249/mr1237a</a> |
| Withdrawn status | Lost status | Damaged status | Home library | Current library | Date acquired | Total Checkouts | Full call number | Date last seen | Price effective from | Koha item type |
|---|---|---|---|---|---|---|---|---|---|---|
| College Library | College Library | 12/12/2017 | UB323 .A734 2001 | 12/12/2017 | 12/12/2017 | Curriculum - Based eBooks |